Choosing a legal structure for your business
| Main Author: | |
|---|---|
| Format: | Book |
| Published: |
New Jersey :
Prentice Hall ,
1997
|
| Series: | Run your own business
|
| Subjects: |
MARC
| LEADER | 00000cam a2200000 7i4500 | ||
|---|---|---|---|
| 001 | 0000015836 | ||
| 005 | 20080414.0 | ||
| 008 | 080414 | ||
| 020 | |a 0136033660 | ||
| 090 | 0 | 0 | |a 346.73065 |b HAN |
| 100 | 1 | |a Handmaker, Stuart A | |
| 245 | 1 | 0 | |a Choosing a legal structure for your business |c Stuart A. Handmaker |
| 260 | |a New Jersey : |b Prentice Hall , |c 1997 | ||
| 440 | |a Run your own business | ||
| 650 | 0 | |a Business enterprises |x Law legislation |z United States |x Popular works | |
| 999 | |a 0001018623 |b Book |c Adult Collection |e Perbadanan Perpustakaan Awam Johor | ||